[Event "Montreal Mercredi 08"]
[Site "Montreal CAN"]
[Date "2012.09.19"]
[Round "4"]
[White "Lopez Linares, Lizandro"]
[Black "Cloutier, Mathieu"]
[Result "1-0"]
[WhiteElo "2060"]
[BlackElo "2059"]
[PlyCount "97"]
[GameId "2160767909445481"]
[EventDate "2012.08.29"]
[EventType "swiss"]
[EventRounds "5"]
[EventCountry "CAN"]
[SourceTitle "EXT 2022"]
[Source "ChessBase"]
[SourceDate "2021.10.06"]
[SourceVersion "1"]
[SourceVersionDate "2021.10.06"]
[SourceQuality "1"]

1. d4 Nf6 2. Nf3 c5 3. d5 e6 4. c4 exd5 5. cxd5 d6 6. Nc3 g6 7. g3 Bg7 8. Bg2 O-O 9. O-O a6 10. a4 Re8 11. Nd2 Nbd7 12. h3 Rb8 13. Nc4 Ne5 14. Na3 Nh5 15. Kh2 f5 16. e4 fxe4 17. Nxe4 b5 18. axb5 axb5 19. Ng5 Nf7 20. Nf3 Nf6 21. Nc2 h6 22. Ra7 Qb6 23. Ra2 Nxd5 24. Nh4 Ne7 25. Re1 Bb7 26. Re6 Bxg2 27. Kxg2 Qb7+ 28. Nf3 Be5 29. Qd3 Qd7 30. Rxe5 Nxe5 31. Nxe5 Qe6 32. Ra6 Qxe5 33. Rxd6 c4 34. Qd1 Kg7 35. Ne3 h5 36. Rd7 Kg8 37. Qd2 Nf5 38. Nxf5 Qxf5 39. Qd6 Qe4+ 40. Kh2 Qe6 41. Qc7 Qe5 42. Qa7 Ra8 43. Qb7 Reb8 44. Qc6 Qf5 45. Be3 Rc8 46. Qd6 Re8 47. Bd4 Ra6 48. Rg7+ Kh8 49. Re7+ 1-0

[Event "Montreal Mercredi 08"]
[Site "Montreal CAN"]
[Date "2012.09.19"]
[Round "4"]
[White "Morin, Louis"]
[Black "Gauthier, Luc"]
[Result "1/2-1/2"]
[WhiteElo "1834"]
[BlackElo "1729"]
[PlyCount "107"]
[GameId "2160767909445482"]
[EventDate "2012.08.29"]
[EventType "swiss"]
[EventRounds "5"]
[EventCountry "CAN"]
[SourceTitle "EXT 2022"]
[Source "ChessBase"]
[SourceDate "2021.10.06"]
[SourceVersion "1"]
[SourceVersionDate "2021.10.06"]
[SourceQuality "1"]

1. e4 Nf6 2. Nc3 d5 3. e5 d4 4. exf6 dxc3 5. fxg7 cxd2+ 6. Qxd2 Qxd2+ 7. Bxd2 Bxg7 8. O-O-O Nc6 9. Bb5 Bd7 10. Ne2 O-O-O 11. Bc3 Bxc3 12. Nxc3 Ne5 13. Rhe1 Ng6 14. Bc4 e6 15. Ne4 Bc6 16. Ng5 Rxd1+ 17. Kxd1 Rd8+ 18. Kc1 Bd5 19. Bxd5 exd5 20. Nxh7 Rh8 21. Nf6 c6 22. Re8+ Rxe8 23. Nxe8 Kd7 24. Nf6+ Ke6 25. Ng4 Kf5 26. Nh6+ Kf6 27. g3 Ne5 28. f4 Nc4 29. Ng4+ Kf5 30. Nf2 Ne3 31. h4 Nf1 32. Nh1 Kg4 33. Kd1 Ne3+ 34. Kd2 Kf3 35. c3 c5 36. b4 b6 37. bxc5 bxc5 38. Ke1 d4 39. cxd4 cxd4 40. Nf2 Kxg3 41. h5 Nf5 42. Nd3 Kg4 43. Ne5+ Kxh5 44. Nxf7 Kg4 45. Kd2 Kxf4 46. Kd3 a6 47. a3 Ne3 48. a4 Nf5 49. a5 Kf3 50. Ne5+ Kf4 51. Nc6 Nd6 52. Kxd4 Nb7 53. Nb4 Nxa5 54. Nxa6 1/2-1/2

[Event "Montreal Mercredi 08"]
[Site "Montreal CAN"]
[Date "2012.09.19"]
[Round "4"]
[White "Munshi, Shawkat"]
[Black "Boyer, Eric"]
[Result "1/2-1/2"]
[WhiteElo "1655"]
[BlackElo "1637"]
[PlyCount "108"]
[GameId "2160767909445483"]
[EventDate "2012.08.29"]
[EventType "swiss"]
[EventRounds "5"]
[EventCountry "CAN"]
[SourceTitle "EXT 2022"]
[Source "ChessBase"]
[SourceDate "2021.10.06"]
[SourceVersion "1"]
[SourceVersionDate "2021.10.06"]
[SourceQuality "1"]

1. Nf3 d5 2. e3 Nf6 3. b3 c5 4. Bb2 Nc6 5. Be2 Qc7 6. d3 e5 7. c4 d4 8. e4 Be7 9. O-O O-O 10. Bc1 Ne8 11. h3 f5 12. exf5 Bxf5 13. Nfd2 Nd6 14. f3 Bg6 15. Ne4 Nxe4 16. fxe4 Bh4 17. Nd2 h6 18. Nf3 Be7 19. Bd2 Qd6 20. a3 Rad8 21. Qe1 b6 22. b4 Ra8 23. b5 Nd8 24. a4 Ne6 25. a5 bxa5 26. Rxa5 a6 27. Rxa6 Rxa6 28. bxa6 Ra8 29. Nh4 Bxh4 30. Qxh4 Rxa6 31. Qg3 Nf8 32. Qe1 Bh7 33. Bh5 Bg6 34. Bg4 Qe7 35. Bf5 Bxf5 36. Rxf5 g6 37. Qg3 Kh7 38. Rxe5 Qd6 39. Bf4 Ne6 40. Rf5 Nxf4 41. Rxf4 Qe7 42. Rf3 Kg7 43. Qf4 Re6 44. g4 Rf6 45. Qxf6+ Qxf6 46. Rxf6 Kxf6 47. Kg2 g5 48. Kf3 Ke5 49. Kg3 Ke6 50. Kf3 Kf6 51. Ke2 Kg6 52. e5 Kf7 53. Kf3 Ke7 54. e6 Kd6 1/2-1/2

[Event "Montreal Mercredi 08"]
[Site "Montreal CAN"]
[Date "2012.09.19"]
[Round "4"]
[White "Nardone, Raul"]
[Black "Giroux, Robert"]
[Result "1-0"]
[WhiteElo "1838"]
[BlackElo "1870"]
[PlyCount "65"]
[GameId "2160767909445484"]
[EventDate "2012.08.29"]
[EventType "swiss"]
[EventRounds "5"]
[EventCountry "CAN"]
[SourceTitle "EXT 2022"]
[Source "ChessBase"]
[SourceDate "2021.10.06"]
[SourceVersion "1"]
[SourceVersionDate "2021.10.06"]
[SourceQuality "1"]

1. d4 d6 2. e4 Nf6 3. Nc3 c6 4. a4 Qa5 5. Bd2 e5 6. Nd5 Qd8 7. Nxf6+ Qxf6 8. Be3 a5 9. Bc4 Be6 10. Bxe6 Qxe6 11. Nf3 Be7 12. O-O O-O 13. Re1 Nd7 14. Qd2 Rfd8 15. Rad1 Qg6 16. Bg5 Bxg5 17. Qxg5 Qxg5 18. Nxg5 h6 19. Nf3 Kf8 20. Re3 Ke7 21. h3 g6 22. Kf1 Nf8 23. Rb3 exd4 24. Rxb7+ Nd7 25. Nxd4 Rdc8 26. e5 d5 27. e6 fxe6 28. Re1 e5 29. Rxe5+ Kd8 30. Ne6+ Ke7 31. Ng7+ Kf6 32. Re6+ Kxg7 33. Rxd7+ 1-0

[Event "Montreal Mercredi 08"]
[Site "Montreal CAN"]
[Date "2012.09.19"]
[Round "4"]
[White "Ramaswamy, Kiran"]
[Black "Weston, Paul"]
[Result "0-1"]
[WhiteElo "1912"]
[BlackElo "2006"]
[PlyCount "68"]
[GameId "2160767909445485"]
[EventDate "2012.08.29"]
[EventType "swiss"]
[EventRounds "5"]
[EventCountry "CAN"]
[SourceTitle "EXT 2022"]
[Source "ChessBase"]
[SourceDate "2021.10.06"]
[SourceVersion "1"]
[SourceVersionDate "2021.10.06"]
[SourceQuality "1"]

1. c4 e6 2. Nf3 d5 3. b3 Nf6 4. g3 c5 5. Bg2 Nc6 6. O-O d4 7. d3 Be7 8. e4 e5 9. Nh4 g6 10. h3 Be6 11. Kh2 h5 12. Nd2 Ng4+ 13. hxg4 Bxh4 14. gxh4 Qxh4+ 15. Kg1 hxg4 16. f4 Qh2+ 17. Kf2 g3+ 18. Ke1 Qxg2 19. Qf3 Qxf3 20. Nxf3 Bg4 21. Nxe5 Nxe5 22. fxe5 Rh2 23. Rg1 Re2+ 24. Kf1 Rf2+ 25. Ke1 Rf3 26. Kd2 Kd7 27. Ba3 Rf2+ 28. Ke1 b6 29. Rxg3 Rh2 30. Bc1 Be6 31. Kf1 Rah8 32. Bf4 R8h4 33. Bg5 Rh1+ 34. Rg1 Rxg1+ 0-1

[Event "Montreal Mercredi 08"]
[Site "Montreal CAN"]
[Date "2012.09.19"]
[Round "4"]
[White "Sonn, Eric"]
[Black "Le Bas, Nicolas"]
[Result "1/2-1/2"]
[WhiteElo "1566"]
[BlackElo "1614"]
[PlyCount "122"]
[GameId "2160767909445486"]
[EventDate "2012.08.29"]
[EventType "swiss"]
[EventRounds "5"]
[EventCountry "CAN"]
[SourceTitle "EXT 2022"]
[Source "ChessBase"]
[SourceDate "2021.10.06"]
[SourceVersion "1"]
[SourceVersionDate "2021.10.06"]
[SourceQuality "1"]

1. e4 e5 2. Nf3 Nc6 3. Bb5 a6 4. Ba4 b5 5. Bb3 Nf6 6. Qe2 Be7 7. c3 O-O 8. d3 Re8 9. O-O d5 10. Rd1 Bg4 11. Nbd2 Na5 12. Bc2 c5 13. Nf1 d4 14. Ng3 c4 15. h3 Bxf3 16. Qxf3 Qb6 17. Nf5 Bf8 18. Bg5 cxd3 19. Rxd3 dxc3 20. bxc3 Nc4 21. Nh6+ gxh6 22. Bxf6 Bg7 23. Bh4 Rac8 24. Rd7 Qe6 25. Rad1 f6 26. Bb3 Re7 27. R7d6 Qf7 28. R1d3 Re6 29. Qf5 Rc6 30. Rd8+ Re8 31. Qg4 Qf8 32. Rxe8 Qxe8 33. Rd7 Qf8 34. Qd1 Rc8 35. Qd5+ Kh8 36. Bxc4 bxc4 37. Qb7 Rb8 38. Qxa6 f5 39. Qxc4 Qa3 40. Qf7 Rg8 41. exf5 e4 42. f6 Qc1+ 43. Kh2 Qf4+ 44. Bg3 Qxf6 45. Qxf6 Bxf6 46. Rc7 Ra8 47. c4 Rxa2 48. c5 Bd4 49. Re7 Bxc5 50. Rxe4 Bxf2 51. Be5+ Kg8 52. Rg4+ Kf7 53. Bc3 Rc2 54. Bh8 h5 55. Rg7+ Ke6 56. h4 Rc3 57. Rg5 Rc4 58. g3 Rg4 59. Rxh5 Bxg3+ 60. Kh3 Rxh4+ 61. Rxh4 Bxh4 1/2-1/2

[Event "Montreal Mercredi 08"]
[Site "Montreal CAN"]
[Date "2012.09.26"]
[Round "5"]
[White "Baran, Marius"]
[Black "Barko, Maxim"]
[Result "0-1"]
[WhiteElo "1769"]
[BlackElo "1667"]
[PlyCount "90"]
[GameId "2160767909445487"]
[EventDate "2012.08.29"]
[EventType "swiss"]
[EventRounds "5"]
[EventCountry "CAN"]
[SourceTitle "EXT 2022"]
[Source "ChessBase"]
[SourceDate "2021.10.06"]
[SourceVersion "1"]
[SourceVersionDate "2021.10.06"]
[SourceQuality "1"]

1. d4 Nf6 2. c4 g6 3. Nc3 Bg7 4. e4 O-O 5. Be3 d6 6. f3 e5 7. d5 c6 8. Qd2 Nh5 9. O-O-O c5 10. Bh6 Nf4 11. Bxg7 Kxg7 12. Bd3 a6 13. h4 Bd7 14. g3 Nxd3+ 15. Qxd3 b5 16. b3 b4 17. Nb1 a5 18. Rd2 a4 19. Nh3 Bxh3 20. Rxh3 f5 21. exf5 Rxf5 22. Rb2 Nd7 23. Nd2 Nf6 24. Rh1 axb3 25. axb3 Qf8 26. Kc2 Ra7 27. Rf1 Kh8 28. Qe2 Kg7 29. Kd3 Kh8 30. Ne4 Nxe4 31. Qxe4 Raf7 32. Rbf2 Kg7 33. Ke3 Ra7 34. f4 exf4+ 35. Kf3 Re7 36. Qc2 Re3+ 37. Kg2 Rxg3+ 38. Kh2 Qf6 39. Rxf4 Rxf4 40. Kxg3 Qxh4+ 41. Kg2 Qg5+ 42. Kh1 Rxf1+ 43. Kh2 Qg1+ 44. Kh3 Rf3+ 45. Kh4 Qg3# 0-1

[Event "Montreal Mercredi 08"]
[Site "Montreal CAN"]
[Date "2012.09.26"]
[Round "5"]
[White "Boudreau, Daniel"]
[Black "Nardone, Raul"]
[Result "1-0"]
[WhiteElo "1933"]
[BlackElo "1838"]
[PlyCount "71"]
[GameId "2160767909445488"]
[EventDate "2012.08.29"]
[EventType "swiss"]
[EventRounds "5"]
[EventCountry "CAN"]
[SourceTitle "EXT 2022"]
[Source "ChessBase"]
[SourceDate "2021.10.06"]
[SourceVersion "1"]
[SourceVersionDate "2021.10.06"]
[SourceQuality "1"]

1. e4 c5 2. Nf3 b6 3. Nc3 Bb7 4. Bc4 e6 5. e5 Bxf3 6. Qxf3 Nc6 7. Qe4 a6 8. a4 Qc7 9. f4 g5 10. d3 Bg7 11. O-O Nge7 12. g3 gxf4 13. gxf4 Nf5 14. Ne2 O-O 15. Rf3 d6 16. Rh3 Nce7 17. exd6 Qxd6 18. c3 Qc6 19. Ng3 Qxe4 20. dxe4 Nxg3 21. hxg3 b5 22. Bd3 Rfd8 23. Bc2 b4 24. e5 Ng6 25. Be3 bxc3 26. bxc3 c4 27. Be4 Rab8 28. Rh2 Rb3 29. Bd4 Rdb8 30. a5 Rb2 31. Rxb2 Rxb2 32. Ra4 Rb5 33. Kf2 Nxe5 34. fxe5 Bxe5 35. Bxe5 Rxe5 36. Bb7 1-0

[Event "Montreal Mercredi 08"]
[Site "Montreal CAN"]
[Date "2012.09.26"]
[Round "5"]
[White "Boyer, Eric"]
[Black "Sonn, Eric"]
[Result "0-1"]
[WhiteElo "1637"]
[BlackElo "1614"]
[PlyCount "63"]
[GameId "2160767909445489"]
[EventDate "2012.08.29"]
[EventType "swiss"]
[EventRounds "5"]
[EventCountry "CAN"]
[SourceTitle "EXT 2022"]
[Source "ChessBase"]
[SourceDate "2021.10.06"]
[SourceVersion "1"]
[SourceVersionDate "2021.10.06"]
[SourceQuality "1"]

1. d4 Nf6 2. c4 e6 3. g3 d5 4. Bg2 Be7 5. Nf3 O-O 6. O-O c5 7. cxd5 exd5 8. Nc3 Nc6 9. a3 Bf5 10. Nh4 Be6 11. dxc5 Bxc5 12. b4 Be7 13. Bb2 Qd7 14. Nf3 Bh3 15. Nd4 Bxg2 16. Kxg2 Ne5 17. Ra2 h5 18. h3 h4 19. Bc1 Rfd8 20. Bg5 Ne4 21. Nxe4 dxe4 22. Bxe7 Qxe7 23. Qa1 Qg5 24. g4 Rac8 25. Nf5 Nxg4 26. hxg4 Qxg4+ 27. Ng3 e3 28. Qe5 hxg3 29. Qxe3 gxf2+ 30. Kxf2 Rd6 31. Rg1 Rf6+ 32. Ke1 0-1

[Event "Montreal Mercredi 08"]
[Site "Montreal CAN"]
[Date "2012.09.26"]
[Round "5"]
[White "Cardin, Guillaume"]
[Black "Lopez Linares, Lizandro"]
[Result "1/2-1/2"]
[WhiteElo "2094"]
[BlackElo "2060"]
[PlyCount "113"]
[GameId "2160767909445490"]
[EventDate "2012.08.29"]
[EventType "swiss"]
[EventRounds "5"]
[EventCountry "CAN"]
[SourceTitle "EXT 2022"]
[Source "ChessBase"]
[SourceDate "2021.10.06"]
[SourceVersion "1"]
[SourceVersionDate "2021.10.06"]
[SourceQuality "1"]

1. e4 e6 2. d4 d5 3. Nc3 Nf6 4. Bg5 Be7 5. e5 Nfd7 6. Bxe7 Qxe7 7. f4 O-O 8. Nf3 c5 9. dxc5 Nc6 10. Qd2 Qxc5 11. O-O-O f6 12. exf6 Nxf6 13. g3 Bd7 14. Bh3 Rac8 15. Rhe1 Rfe8 16. Ne5 Qd6 17. Kb1 a6 18. Na4 Nd8 19. Nxd7 Nxd7 20. f5 Nf6 21. Nc3 Rxc3 22. Qxc3 e5 23. Qb3 Kf8 24. Bg2 e4 25. Qa3 Nf7 26. Qxd6+ Nxd6 27. g4 Re5 28. h3 h5 29. g5 Nfe8 30. b3 b5 31. a4 Ke7 32. Bf1 Rxf5 33. h4 Nc7 34. Be2 g6 35. Rf1 Ke6 36. Kb2 Ke5 37. axb5 axb5 38. Ra1 Kd4 39. Ra7 Ne6 40. Ra6 Ke5 41. Rxf5+ Nxf5 42. Bxb5 Nxh4 43. c4 d4 44. b4 Nf3 45. Be8 e3 46. Bxg6 e2 47. Ra1 h4 48. b5 e1=Q 49. Rxe1+ Nxe1 50. b6 Nc5 51. Be4 Na4+ 52. Kc1 Nxb6 53. g6 Kf6 54. c5 Nc8 55. Kd2 h3 56. Kxe1 h2 57. Kd2 1/2-1/2

[Event "Montreal Mercredi 08"]
[Site "Montreal CAN"]
[Date "2012.09.26"]
[Round "5"]
[White "Cloutier, Mathieu"]
[Black "Chiku-Ratte, Olivier-Kenta"]
[Result "0-1"]
[WhiteElo "2059"]
[BlackElo "2174"]
[PlyCount "90"]
[GameId "2160767909445491"]
[EventDate "2012.08.29"]
[EventType "swiss"]
[EventRounds "5"]
[EventCountry "CAN"]
[SourceTitle "EXT 2022"]
[Source "ChessBase"]
[SourceDate "2021.10.06"]
[SourceVersion "1"]
[SourceVersionDate "2021.10.06"]
[SourceQuality "1"]

1. e4 c5 2. Nf3 d6 3. d4 cxd4 4. Nxd4 Nf6 5. Nc3 g6 6. Be3 Bg7 7. f3 Nc6 8. Qd2 O-O 9. Bc4 Bd7 10. h4 h5 11. O-O-O Rc8 12. Bb3 Ne5 13. Bg5 Rc5 14. Kb1 Re8 15. Bxf6 Bxf6 16. Nd5 Bg7 17. g4 e6 18. Ne3 Qf6 19. g5 Qf4 20. Rh3 Nc6 21. Ne2 Qe5 22. c3 d5 23. f4 Qc7 24. e5 Na5 25. Nd4 b5 26. Qe2 Nc4 27. Nec2 a5 28. a3 Rb8 29. Ne1 Qb6 30. Nd3 Rc7 31. Nc2 Bf8 32. Rf3 Bc6 33. Rff1 Qb7 34. f5 exf5 35. Nf4 b4 36. cxb4 axb4 37. a4 Bg7 38. Bxc4 dxc4 39. Nd4 Be4+ 40. Kc1 c3 41. b3 Bxe5 42. Nxh5 gxh5 43. Nxf5 Bxf5 44. Rxf5 c2 45. Rd3 Bb2+ 0-1

[Event "Montreal Mercredi 08"]
[Site "Montreal CAN"]
[Date "2012.09.26"]
[Round "5"]
[White "Gauthier, Luc"]
[Black "Lacroix, Serge"]
[Result "1-0"]
[WhiteElo "1729"]
[BlackElo "1795"]
[PlyCount "105"]
[GameId "2160767909445492"]
[EventDate "2012.08.29"]
[EventType "swiss"]
[EventRounds "5"]
[EventCountry "CAN"]
[SourceTitle "EXT 2022"]
[Source "ChessBase"]
[SourceDate "2021.10.06"]
[SourceVersion "1"]
[SourceVersionDate "2021.10.06"]
[SourceQuality "1"]

1. e4 e5 2. f4 d5 3. exd5 e4 4. d3 Qxd5 5. Nc3 Bb4 6. Bd2 Bxc3 7. Bxc3 Nf6 8. Bxf6 gxf6 9. Qe2 f5 10. dxe4 fxe4 11. Rd1 Qe6 12. Qb5+ c6 13. Qg5 Nd7 14. b3 Qg6 15. Nh3 h6 16. Qxg6 fxg6 17. Bc4 Nb6 18. Rd4 Bf5 19. Nf2 c5 20. Bb5+ Ke7 21. Rd1 a6 22. Be2 Rad8 23. g4 e3 24. gxf5 exf2+ 25. Kxf2 gxf5 26. c4 Nd7 27. Bf3 b5 28. Rhe1+ Kf7 29. Bh5+ Kf8 30. Bg6 Rg8 31. Bxf5 Rg7 32. Be6 bxc4 33. bxc4 Re7 34. f5 Kg7 35. Rd6 Kf8 36. Red1 Ke8 37. Bxd7+ Rdxd7 38. Rxd7 Rxd7 39. Rxd7 Kxd7 40. Kf3 Ke7 41. Kf4 Kf6 42. h3 a5 43. a4 h5 44. h4 Ke7 45. Ke5 Kf7 46. Kd5 Kf6 47. Kxc5 Kxf5 48. Kb6 Kg4 49. c5 Kxh4 50. c6 Kg3 51. c7 h4 52. c8=Q h3 53. Qxh3+ 1-0

[Event "Montreal Mercredi 08"]
[Site "Montreal CAN"]
[Date "2012.09.26"]
[Round "5"]
[White "Giroux, Robert"]
[Black "Ramaswamy, Kiran"]
[Result "1-0"]
[WhiteElo "1870"]
[BlackElo "2006"]
[PlyCount "105"]
[GameId "2160767909445493"]
[EventDate "2012.08.29"]
[EventType "swiss"]
[EventRounds "5"]
[EventCountry "CAN"]
[SourceTitle "EXT 2022"]
[Source "ChessBase"]
[SourceDate "2021.10.06"]
[SourceVersion "1"]
[SourceVersionDate "2021.10.06"]
[SourceQuality "1"]

1. e4 c5 2. Nf3 Nc6 3. d4 cxd4 4. Nxd4 Nf6 5. Nc3 g6 6. Be3 Bg7 7. Nb3 O-O 8. Be2 b6 9. f4 d6 10. g4 d5 11. exd5 Nb4 12. Bf3 Bb7 13. a3 Nbxd5 14. Nxd5 Nxd5 15. Bd4 e5 16. fxe5 Qg5 17. Qd2 Qxd2+ 18. Nxd2 Rad8 19. O-O Nf4 20. c3 Ba6 21. Rfe1 Nd3 22. e6 Bxd4+ 23. cxd4 fxe6 24. Rxe6 Rxd4 25. Re7 Nxb2 26. Rxa7 Bc8 27. Nb3 Rd3 28. Be4 Re3 29. Bd5+ Kh8 30. Ra8 Ree8 31. h3 Nd3 32. Rd1 Nc5 33. Nxc5 bxc5 34. Bc6 Re7 35. a4 Kg7 36. Rc1 Rc7 37. Bb5 Bb7 38. Rxf8 Kxf8 39. a5 Ke7 40. a6 Bc8 41. Re1+ Kf8 42. Re8+ Kg7 43. a7 Bb7 44. a8=Q Bxa8 45. Rxa8 c4 46. Ra2 Kf6 47. Rc2 c3 48. Kf2 h5 49. Bd3 hxg4 50. hxg4 g5 51. Bf5 Ke5 52. Ke3 Rg7 53. Kd3 1-0

[Event "Montreal Mercredi 08"]
[Site "Montreal CAN"]
[Date "2012.09.26"]
[Round "5"]
[White "Le Bas, Nicolas"]
[Black "Cote, Philippe"]
[Result "0-1"]
[WhiteElo "1614"]
[BlackElo "1655"]
[PlyCount "32"]
[GameId "2160767909445494"]
[EventDate "2012.08.29"]
[EventType "swiss"]
[EventRounds "5"]
[EventCountry "CAN"]
[SourceTitle "EXT 2022"]
[Source "ChessBase"]
[SourceDate "2021.10.06"]
[SourceVersion "1"]
[SourceVersionDate "2021.10.06"]
[SourceQuality "1"]

1. e4 d6 2. d4 Nf6 3. Nc3 g6 4. Bg5 Bg7 5. Qd2 O-O 6. O-O-O c6 7. f3 b5 8. Nge2 Nbd7 9. g4 Nb6 10. Nf4 h6 11. Bxf6 exf6 12. d5 b4 13. Nb1 c5 14. Bb5 Bd7 15. Bc6 f5 16. gxf5 Nc4 0-1

[Event "Montreal Mercredi 08"]
[Site "Montreal CAN"]
[Date "2012.09.26"]
[Round "5"]
[White "Lopez Linares, Cesar"]
[Black "Morin, Louis"]
[Result "0-1"]
[WhiteElo "1694"]
[BlackElo "1834"]
[PlyCount "104"]
[GameId "2160767909445495"]
[EventDate "2012.08.29"]
[EventType "swiss"]
[EventRounds "5"]
[EventCountry "CAN"]
[SourceTitle "EXT 2022"]
[Source "ChessBase"]
[SourceDate "2021.10.06"]
[SourceVersion "1"]
[SourceVersionDate "2021.10.06"]
[SourceQuality "1"]

1. d4 e5 2. dxe5 Nc6 3. Nf3 Qe7 4. Nbd2 Nxe5 5. e3 Nf6 6. Be2 d5 7. O-O Bd7 8. c4 O-O-O 9. Qc2 g6 10. b3 Bg7 11. Nxe5 Qxe5 12. Bb2 Qe7 13. Bd4 dxc4 14. Rac1 Bb5 15. bxc4 Bc6 16. Bxa7 Ne4 17. Nf3 Nc5 18. Qb1 b6 19. Bxb6 cxb6 20. Qxb6 Bb7 21. Rb1 Qc7 22. Qa7 Bxf3 23. Qxc7+ Kxc7 24. Bxf3 Rb8 25. Rb5 Rxb5 26. cxb5 Kb6 27. Rb1 Rd8 28. h4 Rd2 29. a3 Bb2 30. Kf1 Bxa3 31. Ke1 Rb2 32. Rxb2 Bxb2 33. Bd5 f6 34. Bg8 h6 35. Bf7 Nd3+ 36. Ke2 Ne5 37. Be8 Kc7 38. f4 Kd8 39. fxe5 Kxe8 40. exf6 Bxf6 41. h5 g5 42. Kd3 Kd7 43. Ke4 Ke6 44. b6 Bd8 45. b7 Bc7 46. g4 Be5 47. Kf3 Kd5 48. Ke2 Ke4 49. Kf2 Bb8 50. Ke2 Ba7 51. Kd2 Bxe3+ 52. Kc3 Bf4 0-1

[Event "Montreal Mercredi 08"]
[Site "Montreal CAN"]
[Date "2012.09.26"]
[Round "5"]
[White "O'Connor, Michael"]
[Black "Munshi, Shawkat"]
[Result "1/2-1/2"]
[WhiteElo "1619"]
[BlackElo "1655"]
[PlyCount "87"]
[GameId "2160767909445496"]
[EventDate "2012.08.29"]
[EventType "swiss"]
[EventRounds "5"]
[EventCountry "CAN"]
[SourceTitle "EXT 2022"]
[Source "ChessBase"]
[SourceDate "2021.10.06"]
[SourceVersion "1"]
[SourceVersionDate "2021.10.06"]
[SourceQuality "1"]

1. d4 Nf6 2. Nf3 e6 3. c4 b6 4. g3 Bb7 5. Bg2 Be7 6. O-O c5 7. dxc5 bxc5 8. Nc3 O-O 9. Bg5 d6 10. Qb3 Qb6 11. Qxb6 axb6 12. Rfd1 Nbd7 13. e4 Bc6 14. Re1 h6 15. Bf4 e5 16. Bd2 Rfd8 17. Rad1 Nf8 18. b3 Ra7 19. a4 Ne6 20. Bc1 Nd4 21. Nxd4 cxd4 22. Nd5 Nxd5 23. exd5 Bd7 24. f4 f6 25. Bf3 Bf5 26. Rd2 g6 27. g4 Bd7 28. Bb2 Kf7 29. Rde2 Re8 30. Bc1 Bf8 31. fxe5 fxe5 32. Rf2 Kg7 33. g5 h5 34. Be4 Be7 35. Kg2 Raa8 36. Bd2 Rf8 37. Ref1 Bg4 38. Rxf8 Rxf8 39. Rxf8 Bxf8 40. a5 bxa5 41. Bxa5 Be7 42. Kf2 Bxg5 43. Bc7 Bh4+ 44. Kf1 1/2-1/2

[Event "Montreal Mercredi 08"]
[Site "Montreal CAN"]
[Date "2012.09.26"]
[Round "5"]
[White "Tremblay, Alain"]
[Black "Levkovsky, Alexandre"]
[Result "1/2-1/2"]
[WhiteElo "2077"]
[BlackElo "2228"]
[PlyCount "116"]
[GameId "2160767739054422"]
[EventDate "2012.08.29"]
[EventType "swiss"]
[EventRounds "5"]
[EventCountry "CAN"]
[SourceTitle "EXT 2022"]
[Source "ChessBase"]
[SourceDate "2021.10.06"]
[SourceVersion "1"]
[SourceVersionDate "2021.10.06"]
[SourceQuality "1"]

1. e4 e5 2. Nf3 Nc6 3. Bb5 a6 4. Ba4 Nf6 5. O-O Be7 6. d3 b5 7. Bb3 d6 8. c3 O-O 9. Nbd2 Na5 10. Bc2 c5 11. Re1 Ne8 12. Nf1 f5 13. exf5 Bxf5 14. h3 Kh8 15. Ng3 Bg6 16. a4 b4 17. Bd2 Nc6 18. d4 bxc3 19. bxc3 Bxc2 20. Qxc2 exd4 21. cxd4 Bf6 22. Ne2 Rc8 23. Qe4 d5 24. Qg4 cxd4 25. Rac1 Nd6 26. Nexd4 Nxd4 27. Nxd4 Re8 28. Rxe8+ Qxe8 29. Rxc8 Qxc8 30. Qxc8+ Nxc8 31. Ne6 Nb6 32. a5 Nc4 33. Be1 d4 34. Nc5 Bd8 35. Kf1 Kg8 36. Ke2 Kf7 37. Kd3 Nxa5 38. Bxa5 Bxa5 39. Nxa6 Be1 40. f3 Bf2 41. Nc5 Bg1 42. Nb3 Kf6 43. Nxd4 Ke5 44. f4+ Kd5 45. Ne2 Bb6 46. Nc3+ Ke6 47. Ke4 g6 48. Ne2 Bf2 49. Nd4+ Kf6 50. Nf3 Bb6 51. Ne5 Ba7 52. g4 Ke6 53. Nf3 Kf6 54. Nd4 Bb6 55. g5+ Kf7 56. Kd5 Ba5 57. Nf3 Bc3 58. Ne5+ Ke7 {...} 1/2-1/2

[Event "Montreal Mercredi 08"]
[Site "Montreal CAN"]
[Date "2012.09.26"]
[Round "5"]
[White "Weston, Paul"]
[Black "Gauthier, Denis"]
[Result "1-0"]
[WhiteElo "1912"]
[BlackElo "1992"]
[PlyCount "97"]
[GameId "2160767909445497"]
[EventDate "2012.08.29"]
[EventType "swiss"]
[EventRounds "5"]
[EventCountry "CAN"]
[SourceTitle "EXT 2022"]
[Source "ChessBase"]
[SourceDate "2021.10.06"]
[SourceVersion "1"]
[SourceVersionDate "2021.10.06"]
[SourceQuality "1"]

1. e4 c5 2. g3 Nc6 3. Bg2 g6 4. d3 Bg7 5. Ne2 d6 6. O-O e6 7. c3 Rb8 8. d4 Qc7 9. Na3 a6 10. dxc5 dxc5 11. Nc4 Bf8 12. e5 b5 13. Nd6+ Bxd6 14. Qxd6 Qxd6 15. exd6 Bb7 16. Be3 c4 17. a4 Nf6 18. axb5 axb5 19. Nd4 Kd7 20. Nxc6 Bxc6 21. Bxc6+ Kxc6 22. Bd4 Nd5 23. Bxh8 Rxh8 24. Ra6+ Nb6 25. Rfa1 Rd8 26. Rd1 Kb7 27. Ra5 Kc6 28. Ra7 Na4 29. Rd2 Nc5 30. Rc7+ Kb6 31. Rxf7 Nd3 32. d7 Ka5 33. b3 Ne5 34. Ra2+ Kb6 35. Rf6 cxb3 36. Rxe6+ Nc6 37. Rb2 Rxd7 38. Rxb3 Kc5 39. Kg2 Kc4 40. Ra3 Kc5 41. Ra8 Kd5 42. Re1 Kc4 43. Rc8 Rd6 44. Re7 h5 45. Rec7 Kd5 46. h3 Re6 47. f4 Rd6 48. Kf3 Rf6 49. Rxc6 1-0

[Event "Montreal Mercredi 10"]
[Site "Montreal CAN"]
[Date "2012.10.03"]
[Round "1"]
[White "Baran, Marius"]
[Black "Millette, Sylvain"]
[Result "1/2-1/2"]
[WhiteElo "1739"]
[BlackElo "1668"]
[PlyCount "50"]
[GameId "2160767909444960"]
[EventDate "2012.10.03"]
[EventType "swiss"]
[EventRounds "5"]
[EventCountry "CAN"]
[SourceTitle "EXT 2022"]
[Source "ChessBase"]
[SourceDate "2021.10.06"]
[SourceVersion "1"]
[SourceVersionDate "2021.10.06"]
[SourceQuality "1"]

1. d4 Nf6 2. c4 g6 3. Nc3 d5 4. cxd5 Nxd5 5. Nf3 Bg7 6. e3 O-O 7. Bc4 c6 8. O-O Bg4 9. h3 Bxf3 10. Qxf3 e6 11. Bd2 Nd7 12. Rfd1 Qf6 13. Qe2 N7b6 14. Ne4 Qe7 15. Bb3 e5 16. dxe5 Qxe5 17. Nc3 Rfe8 18. Qf3 Rad8 19. Rac1 Qf6 20. e4 Qxf3 21. gxf3 Nxc3 22. Bxc3 Nd7 23. Bxg7 Kxg7 24. Kg2 Ne5 25. Bc2 f6 1/2-1/2